Sửa chữa ô tô máy kéo

Gardado en:
Detalles Bibliográficos
Formato: Libro
Idioma:Vietnamese
Publicado: Giáo Dục 1999
Những chủ đề:
Các nhãn: Engadir etiqueta
Sen Etiquetas, Sexa o primeiro en etiquetar este rexistro!
Thư viện lưu trữ: Mạng thư viện Đại học Đà Nẵng
LEADER 01004nam a2200301 a 4500
001 000001923
003 01425
005 20171229145311.0
008 171229s1999 vie
040 |a LSK 
041 0 |a VIE 
082 0 |a 629.226  |b NG-N 
245 0 0 |a Sửa chữa ô tô máy kéo  |c Nguyễn Nông chủ biên; Nguyễn Đại Thành, Hoàng Ngọc Vinh 
260 |b Giáo Dục  |c 1999 
300 |a 210 pages  |c 27 cm. 
653 |a Ô tô - Sửa chữa 
852 |a Phòng Đọc - Phòng Mượn 
901 |a 50 
927 |a Sách chuyên khảo 
OWN |a LSK 
AVA |a UDN50  |b LSK  |d 629.226 NG-N  |e check_holdings  |t Error 5003 Not defined in file expand_doc_bib_avail.  |h N  |k 1 
999 |a From the UDN01 
AVA |a UDN50  |b LSK  |d 629.226 NG-N  |e available  |t Error 5001 Not defined in file expand_doc_bib_avail.  |f 50  |g 0  |h N  |i 0  |k 1 
TYP |a Monograph 
TYP |a Printed language 
980 |a Mạng thư viện Đại học Đà Nẵng